[Event "EU-chT 24th"]
[Site "Budva"]
[Date "2023.11.20"]
[Round "9.13"]
[White "Gazik, Viktor"]
[Black "Kazakouski, Valery"]
[Result "1/2-1/2"]
[WhiteElo "2547"]
[BlackElo "2577"]
[PlyCount "74"]
[EventDate "2023.11.11"]
[EventType "team-swiss"]
[EventRounds "9"]
[EventCountry "MNE"]
[SourceTitle "CB47_2023"]
[SourceDate "2023.11.22"]
[SourceVersion "1"]
[SourceVersionDate "2023.11.22"]
[SourceQuality "1"]
[WhiteTeam "Slovakia"]
[BlackTeam "Lithuania"]
[WhiteTeamCountry "SVK"]
[BlackTeamCountry "LTU"]

1. e4 e5 2. Nf3 Nc6 3. d4 exd4 4. Nxd4 Bc5 5. Be3 Qf6 6. c3 Nge7 7. Bb5 0-0 8. 0-0 Bb6 9. a4 d6 10. Kh1 h6 11. Re1 Kh8 12. f3 a5 13. Na3 d5 14. Bxc6 bxc6 15. e5 Qg6 16. b4 Nf5 17. Nxf5 Bxf5 18. b5 cxb5 19. Nxb5 Rad8 20. Qd2 Rfe8 21. Bd4 c5 22. Bf2 f6 23. exf6 Rxe1+ 24. Rxe1 Qxf6 25. Bg3 Kh7 26. Be5 Qh4 27. Nd6 Bg6 28. Bg3 Qxa4 29. Qxd5 Qd7 30. h4 Bc7 31. Re6 Bb1 32. Qe5 Bxd6 33. Rxd6 Qxd6 34. Qxd6 Rxd6 35. Bxd6 c4 36. Kg1 Kg6 37. Kf2 Kf6 1/2-1/2

[Event "EU-chT 24th"]
[Site "Budva"]
[Date "2023.11.18"]
[Round "7.2"]
[White "Moroni, Luca Jr"]
[Black "Gazik, Viktor"]
[Result "1/2-1/2"]
[WhiteElo "2575"]
[BlackElo "2547"]
[PlyCount "111"]
[EventDate "2023.11.11"]
[EventType "team-swiss"]
[EventRounds "9"]
[EventCountry "MNE"]
[SourceTitle "CB47_2023"]
[SourceDate "2023.11.22"]
[SourceVersion "1"]
[SourceVersionDate "2023.11.22"]
[SourceQuality "1"]
[WhiteTeam "Italy"]
[BlackTeam "Slovakia"]
[WhiteTeamCountry "ITA"]
[BlackTeamCountry "SVK"]

1. c4 Nf6 2. g3 e6 3. Bg2 d5 4. Nf3 Be7 5. 0-0 0-0 6. b3 c5 7. cxd5 exd5 8. Bb2 Nc6 9. d4 Bg4 10. dxc5 Bxc5 11. Nc3 a6 12. h3 Be6 13. Rc1 Ba7 14. Ng5 Bf5 15. g4 Bg6 16. e3 Qa5 17. Nxd5 Nxd5 18. Qxd5 Qxa2 19. Ba1 Rad8 20. Qc4 h6 21. Ne4 Qa5 22. Bc3 Qc7 23. b4 Bb8 24. f4 Ba7 25. Rfe1 Bxe4 26. Bxe4 Rfe8 27. Kg2 Qe7 28. Bd5 Rd7 29. Rcd1 Red8 30. e4 Kh8 31. Re2 Rc7 32. Qb3 Rcd7 33. b5 axb5 34. Qxb5 f6 35. h4 Qa3 36. Qd3 Nb4 37. Qf3 Nxd5 38. exd5 Rc7 39. Rd3 Qc1 40. Re1 Qc2+ 41. Re2 Qc1 42. d6 Rcd7 43. g5 fxg5 44. fxg5 hxg5 45. Kh3 Qf4 46. Qxf4 gxf4 47. Be5 Be3 48. Kg4 Kg8 49. Rg2 Re8 50. Rd5 Ra8 51. Rd3 Re8 52. Rd5 Ra8 53. Rc2 Kf7 54. Rc7 Ke6 55. Rb5 b6 56. Bxf4 1/2-1/2

[Event "EU-chT 24th"]
[Site "Budva"]
[Date "2023.11.12"]
[Round "2.12"]
[White "Mamedov, Rauf"]
[Black "Gazik, Viktor"]
[Result "1-0"]
[WhiteElo "2644"]
[BlackElo "2547"]
[PlyCount "103"]
[EventDate "2023.11.11"]
[EventType "team-swiss"]
[EventRounds "9"]
[EventCountry "MNE"]
[SourceTitle "CB47_2023"]
[SourceDate "2023.11.22"]
[SourceVersion "1"]
[SourceVersionDate "2023.11.22"]
[SourceQuality "1"]
[WhiteTeam "Azerbaijan"]
[BlackTeam "Slovakia"]
[WhiteTeamCountry "AZE"]
[BlackTeamCountry "SVK"]

1. Nf3 Nf6 2. g3 g6 3. Bg2 Bg7 4. 0-0 0-0 5. d4 d6 6. Re1 Nbd7 7. a4 a5 8. Nc3 e5 9. dxe5 dxe5 10. Nd2 c6 11. Nc4 Qc7 12. Qd6 Qxd6 13. Nxd6 Nb6 14. Rd1 Rd8 15. Be3 Nbd5 16. Bxd5 cxd5 17. Nxd5 Nxd5 18. Rxd5 Bg4 19. f3 Be6 20. Rd3 e4 21. Nxe4 Bc4 22. Rxd8+ Rxd8 23. Kf2 Bxb2 24. Rb1 Bg7 25. Rxb7 Bd5 26. Rb5 f5 27. Bg5 Rd7 28. Nf6+ Bxf6 29. Bxf6 Bc6 30. Rxa5 Rd2 31. c3 Ra2 32. Ra7 Bxa4 33. Rg7+ Kf8 34. Rxh7 Bb5 35. Re7 Rc2 36. Re3 Kf7 37. Bg5 Bc4 38. h3 Bb5 39. g4 fxg4 40. hxg4 Bc4 41. Bd8 Bb5 42. Bb6 Bc4 43. Bd4 Ra2 44. Re5 Ba6 45. f4 Bc4 46. Kf3 Rd2 47. f5 g5 48. Rc5 Bxe2+ 49. Ke3 Ra2 50. Rc7+ Ke8 51. f6 Kd8 52. f7 1-0

[Event "Texas Collegiate Finals"]
[Site "Brownsville"]
[Date "2023.09.16"]
[Round "1.5"]
[White "Rahul, Srivatshav P"]
[Black "Gazik, Viktor"]
[Result "1/2-1/2"]
[WhiteElo "2478"]
[BlackElo "2547"]
[PlyCount "58"]
[EventDate "2023.09.16"]
[EventType "team-tourn"]
[EventRounds "4"]
[EventCountry "USA"]
[SourceTitle "EXT 2024"]
[Source "ChessBase"]
[SourceDate "2023.10.10"]
[SourceVersion "1"]
[SourceVersionDate "2023.10.10"]
[SourceQuality "1"]
[WhiteTeam "Texas Dallas Univ II"]
[BlackTeam "Texas Rio Grande Valley Univ"]
[WhiteTeamCountry "USA"]
[BlackTeamCountry "USA"]

1. d4 Nf6 2. c4 e6 3. Nc3 Bb4 4. e3 0-0 5. Bd3 c5 6. Nf3 cxd4 7. exd4 d5 8. cxd5 exd5 9. 0-0 Nc6 10. Bg5 Bxc3 11. bxc3 Bg4 12. h3 Bh5 13. g4 Bg6 14. Ne5 Qc7 15. Bxf6 gxf6 16. Nf3 Nd8 17. Rc1 Ne6 18. Re1 Rac8 19. Re3 Qf4 20. Nh4 Rfe8 21. Ng2 Qh6 22. Qe2 Kg7 23. Rc2 Ng5 24. Bxg6 Rxe3 25. Qxe3 hxg6 26. Nf4 Qh8 27. Re2 Qd8 28. h4 Ne4 29. Nxd5 Qxd5 1/2-1/2

[Event "Titled Tuesday intern op 25th Jul Late"]
[Site "Chess.com INT"]
[Date "2023.07.25"]
[Round "1"]
[White "Gazik, Viktor"]
[Black "Urbina Perez, Juan Antonio"]
[Result "0-1"]
[WhiteElo "2546"]
[BlackElo "2266"]
[PlyCount "112"]
[EventDate "2023.07.25"]
[EventType "swiss (blitz)"]
[EventRounds "11"]
[EventCountry "USA"]
[SourceTitle "EXT 2024"]
[Source "ChessBase"]
[SourceDate "2023.10.10"]
[SourceVersion "1"]
[SourceVersionDate "2023.10.10"]
[SourceQuality "1"]

1. e4 c5 2. Nc3 Nc6 3. Bb5 Nd4 4. Nf3 a6 5. Bd3 g6 6. Nxd4 cxd4 7. Ne2 Bg7 8. 0-0 d5 9. c3 dxe4 10. Bxe4 Nf6 11. Bf3 d3 12. Ng3 0-0 13. b3 Re8 14. Re1 e5 15. Bb2 Rb8 16. c4 Qd6 17. Rc1 b6 18. Ne4 Nxe4 19. Bxe4 f5 20. Bd5+ Be6 21. Bxe6+ Rxe6 22. Re3 Bh6 23. Rh3 Bg5 24. Bc3 Rbe8 25. b4 e4 26. Qa4 f4 27. Qxa6 e3 28. c5 Qd5 29. Rf3 exf2+ 30. Rxf2 bxc5 31. Qa7 Bf6 32. Bxf6 Rxf6 33. Qxc5 Qxa2 34. Rcf1 Qf7 35. Qd4 Re2 36. Qd8+ Kg7 37. Qxd3 Rxf2 38. Rxf2 g5 39. h3 Qe6 40. Kh2 Qe5 41. Re2 Qc7 42. Qf3 h5 43. Re4 Kh6 44. Rd4 Qe5 45. Re4 Qf5 46. Rc4 g4 47. hxg4 hxg4 48. Qa8 Qh5+ 49. Kg1 f3 50. Qh8+ Kg6 51. Qe8+ Kh6 52. Qh8+ Kg6 53. Qxh5+ Kxh5 54. gxf3 Rxf3 55. Kg2 Rb3 56. Rd4 Kh4 0-1

[Event "SVK-ch"]
[Site "Bratislava"]
[Date "2023.07.09"]
[Round "9"]
[White "Gazik, Viktor"]
[Black "Pechac, Jergus"]
[Result "1/2-1/2"]
[WhiteElo "2546"]
[BlackElo "2611"]
[PlyCount "50"]
[EventDate "2023.07.01"]
[EventType "tourn"]
[EventRounds "9"]
[EventCountry "SVK"]
[EventCategory "9"]
[SourceTitle "CBM 215 Extra"]
[Source "ChessBase"]
[SourceDate "2023.09.30"]
[SourceVersion "1"]
[SourceVersionDate "2023.09.30"]
[SourceQuality "1"]

1. e4 e5 2. Nf3 Nc6 3. Bb5 Nge7 4. 0-0 g6 5. c3 a6 6. Bxc6 Nxc6 7. d4 Bg7 8. d5 Ne7 9. d6 Nc6 10. c4 cxd6 11. Qxd6 Qe7 12. Qxe7+ Nxe7 13. Nc3 d6 14. Rd1 Be6 15. b3 0-0-0 16. Ba3 Kc7 17. Rd3 Rd7 18. Rad1 Rhd8 19. Bb4 Nc6 20. Ba3 b6 21. h3 h6 22. Nd5+ Kb7 23. Nc3 Kc7 24. Nd5+ Kb7 25. Nc3 Kc7 1/2-1/2

[Event "SVK-ch"]
[Site "Bratislava"]
[Date "2023.07.07"]
[Round "7"]
[White "Gazik, Viktor"]
[Black "Haring, Filip"]
[Result "1-0"]
[WhiteElo "2546"]
[BlackElo "2476"]
[PlyCount "79"]
[EventDate "2023.07.01"]
[EventType "tourn"]
[EventRounds "9"]
[EventCountry "SVK"]
[EventCategory "9"]
[SourceTitle "CBM 215 Extra"]
[Source "ChessBase"]
[SourceDate "2023.09.30"]
[SourceVersion "1"]
[SourceVersionDate "2023.09.30"]
[SourceQuality "1"]

1. e4 e6 2. d4 d5 3. Nc3 Bb4 4. Nge2 dxe4 5. a3 Bxc3+ 6. Nxc3 Nc6 7. Bb5 Nge7 8. Bg5 f6 9. Be3 0-0 10. Qd2 f5 11. 0-0-0 a6 12. Bxc6 Nxc6 13. f3 e5 14. d5 Ne7 15. fxe4 fxe4 16. h3 Nf5 17. Nxe4 Nd6 18. Ng5 Qf6 19. Qc3 Bf5 20. Rhf1 Qe7 21. g4 Bd7 22. Rxf8+ Rxf8 23. Qxc7 Rc8 24. Qb6 h6 25. Ne6 Nc4 26. Bc5 Nxb6 27. Bxe7 Nxd5 28. Nxg7 Kxg7 29. Rxd5 Ba4 30. c3 e4 31. Bc5 Re8 32. Kd2 Bc6 33. Rd6 Kh7 34. Be3 h5 35. g5 Re7 36. Rh6+ Kg8 37. g6 Rd7+ 38. Bd4 Kf8 39. Rh8+ Ke7 40. g7 1-0

[Event "SVK-ch"]
[Site "Bratislava"]
[Date "2023.07.02"]
[Round "2"]
[White "Kostolansky, Sebastian Lukas"]
[Black "Gazik, Viktor"]
[Result "1-0"]
[WhiteElo "2407"]
[BlackElo "2546"]
[PlyCount "79"]
[EventDate "2023.07.01"]
[EventType "tourn"]
[EventRounds "9"]
[EventCountry "SVK"]
[EventCategory "9"]
[SourceTitle "CBM 215 Extra"]
[Source "ChessBase"]
[SourceDate "2023.09.30"]
[SourceVersion "1"]
[SourceVersionDate "2023.09.30"]
[SourceQuality "1"]

1. e4 c5 2. Nf3 e6 3. d4 cxd4 4. Nxd4 Nf6 5. Nc3 d6 6. Be3 a6 7. f4 Qc7 8. Be2 Be7 9. 0-0 0-0 10. Bf3 Nc6 11. Nb3 b5 12. g4 Re8 13. Qd2 Nd7 14. Qf2 Rb8 15. Rad1 b4 16. Na4 a5 17. c4 bxc3 18. Nxc3 Nb4 19. Be2 Ba6 20. Rc1 Bxe2 21. Qxe2 Qd8 22. Nd4 e5 23. Nf5 exf4 24. Bxf4 Bg5 25. Bxg5 Qxg5 26. a3 Nc6 27. h4 Qd8 28. Nxd6 Nd4 29. Qf2 Ne5 30. Qxd4 Qxh4 31. Qf2 Qxg4+ 32. Qg2 Qxg2+ 33. Kxg2 Rxb2+ 34. Rf2 Reb8 35. Rcc2 R2b3 36. Nd5 f6 37. Rc7 Rxa3 38. Nf5 Nf7 39. e5 Rd3 40. e6 1-0

[Event "USA-chT College final"]
[Site "Webster Groves"]
[Date "2023.04.01"]
[Round "2.1"]
[White "Gazik, Viktor"]
[Black "Burke, John M"]
[Result "0-1"]
[WhiteElo "2549"]
[BlackElo "2583"]
[PlyCount "68"]
[EventDate "2023.04.01"]
[EventType "team-tourn"]
[EventRounds "3"]
[EventCountry "USA"]
[SourceTitle "CBM 213 Extra"]
[Source "ChessBase"]
[SourceDate "2023.05.31"]
[SourceVersion "1"]
[SourceVersionDate "2023.05.31"]
[SourceQuality "1"]
[WhiteTeam "Texas Rio Grande Valley Univ"]
[BlackTeam "Webster Univ"]
[WhiteTeamCountry "USA"]
[BlackTeamCountry "USA"]

1. e4 c5 2. Nf3 d6 3. d4 cxd4 4. Nxd4 Nf6 5. Nc3 Nc6 6. Bg5 e6 7. Qd2 a6 8. 0-0-0 Bd7 9. f4 b5 10. Bxf6 gxf6 11. Kb1 Qb6 12. Nxc6 Bxc6 13. Bd3 b4 14. Ne2 h5 15. Rhf1 a5 16. Qe1 a4 17. f5 e5 18. Qh4 Ke7 19. Bc4 Qc5 20. b3 axb3 21. Bxb3 Ra3 22. Nc1 Bg7 23. Nd3 Qa5 24. Rd2 Rxa2 25. Bxa2 b3 26. Bxb3 Ra8 27. Kb2 Qa3+ 28. Kc3 Rc8 29. Rdf2 Bh6 30. Rf4 exf4 31. Kd2 f3+ 32. Ke1 fxg2 33. Rg1 Qa1+ 34. Kf2 Be3+ 0-1

[Event "Pan American Intercollegiate-chT"]
[Site "Seattle"]
[Date "2023.01.08"]
[Round "6"]
[White "Sargsyan, Anna M"]
[Black "Gazik, Viktor"]
[Result "1/2-1/2"]
[WhiteElo "2361"]
[BlackElo "2555"]
[PlyCount "78"]
[EventDate "2023.01.05"]
[EventType "team-swiss"]
[EventRounds "6"]
[EventCountry "USA"]
[SourceTitle "CBM 212 Extra"]
[Source "ChessBase"]
[SourceDate "2023.03.31"]
[SourceVersion "1"]
[SourceVersionDate "2023.03.31"]
[SourceQuality "1"]
[WhiteTeam "Webster Univ II"]
[BlackTeam "Texas Rio Grande Valley Univ"]
[WhiteTeamCountry "USA"]
[BlackTeamCountry "USA"]

1. e4 c5 2. Nf3 e6 3. d4 cxd4 4. Nxd4 Nf6 5. Nc3 Nc6 6. Nxc6 bxc6 7. e5 Nd5 8. Ne4 Qc7 9. f4 Qb6 10. a3 f5 11. exf6 Nxf6 12. Nxf6+ gxf6 13. Qh5+ Kd8 14. Be2 Be7 15. Bd2 d5 16. c4 Bd7 17. Bc3 Qe3 18. Rd1 Kc7 19. Qf3 Qxf3 20. Bxf3 Rhf8 21. f5 Bc5 22. b4 Be3 23. Ke2 Bg5 24. fxe6 Bxe6 25. cxd5 cxd5 26. Kf2 Kc6 27. Rhe1 Bg8 28. b5+ Kxb5 29. Rb1+ Kc6 30. Bd1 Rfb8 31. Ba4+ Kd6 32. Bb5 a5 33. a4 Be6 34. Bb2 Ke7 35. Bc6 d4 36. Bxd4 Rxb1 37. Rxb1 Rc8 38. Bc5+ Kf7 39. Rb6 Bd7 1/2-1/2

[Event "Pan American Intercollegiate-chT"]
[Site "Seattle"]
[Date "2023.01.06"]
[Round "3"]
[White "Gazik, Viktor"]
[Black "Khanin, Semen"]
[Result "1-0"]
[WhiteElo "2555"]
[BlackElo "2567"]
[PlyCount "115"]
[EventDate "2023.01.05"]
[EventType "team-swiss"]
[EventRounds "6"]
[EventCountry "USA"]
[SourceTitle "CBM 212 Extra"]
[Source "ChessBase"]
[SourceDate "2023.03.31"]
[SourceVersion "1"]
[SourceVersionDate "2023.03.31"]
[SourceQuality "1"]
[WhiteTeam "Texas Rio Grande Valley Univ"]
[BlackTeam "Texas Tech Univ"]
[WhiteTeamCountry "USA"]
[BlackTeamCountry "USA"]

1. e4 e5 2. Nf3 Nc6 3. Bb5 a6 4. Ba4 Nf6 5. 0-0 Be7 6. d3 b5 7. Bb3 d6 8. c3 0-0 9. h3 h6 10. a4 b4 11. a5 Rb8 12. Nbd2 Re8 13. Nc4 bxc3 14. bxc3 Be6 15. Be3 Bf8 16. Ba4 Bd7 17. Rb1 Ne7 18. Qc2 Bxa4 19. Qxa4 Qd7 20. Qc2 Qc6 21. Nfd2 Ng6 22. Rfe1 Rxb1 23. Rxb1 d5 24. exd5 Nxd5 25. Qb3 Rd8 26. Nf3 Qe6 27. Re1 Qf5 28. Bc1 Nxc3 29. Qxc3 Rxd3 30. Ne3 Rxc3 31. Nxf5 Bb4 32. Rd1 Bxa5 33. Rd8+ Kh7 34. Bd2 Ra3 35. Bxa5 Rxa5 36. Rd7 e4 37. N3d4 Ne5 38. Rxc7 Rd5 39. Nc2 Rd1+ 40. Kh2 Rd2 41. Kg3 g6 42. Nfd4 Kg8 43. Kf4 Nd3+ 44. Kxe4 Rxf2 45. Kxd3 Rxg2 46. Ne3 Rh2 47. Nd5 Rxh3+ 48. Ke4 Rh1 49. Nf6+ Kg7 50. Ne8+ Kg8 51. Nd6 Re1+ 52. Kd5 Rf1 53. Ke5 Re1+ 54. Kf6 Rf1+ 55. N4f5 h5 56. Rxf7 gxf5 57. Rg7+ Kf8 58. Ra7 1-0

[Event "Chesterfield SPICE Cup op"]
[Site "Chesterfield"]
[Date "2022.12.18"]
[Round "1"]
[White "Gazik, Viktor"]
[Black "Plotkin, Victor"]
[Result "1-0"]
[WhiteElo "2575"]
[BlackElo "2249"]
[PlyCount "121"]
[EventDate "2022.12.18"]
[EventType "swiss"]
[EventRounds "9"]
[EventCountry "USA"]
[SourceTitle "CBM 212 Extra"]
[Source "ChessBase"]
[SourceDate "2023.03.31"]
[SourceVersion "1"]
[SourceVersionDate "2023.03.31"]
[SourceQuality "1"]

1. e4 e5 2. Nf3 Nf6 3. d4 Nxe4 4. dxe5 d5 5. Nbd2 Bf5 6. Nd4 Bg6 7. Nxe4 Bxe4 8. Be3 Qe7 9. Qd2 Nd7 10. f3 Bg6 11. f4 Be4 12. Nb5 Nc5 13. Qa5 b6 14. Qd2 Qd7 15. Nc3 c6 16. b4 Nb7 17. Nxe4 dxe4 18. Qxd7+ Kxd7 19. 0-0-0+ Kc7 20. Ba6 Bxb4 21. Bxb7 Ba3+ 22. Kb1 Kxb7 23. Rd7+ Ka6 24. Rhd1 Rhf8 25. R1d4 Bc5 26. Rxe4 Rfd8 27. Rxd8 Rxd8 28. Bxc5 bxc5 29. Kb2 Kb6 30. Kc3 Rd1 31. f5 Kc7 32. e6 fxe6 33. fxe6 Kd8 34. Ra4 Ke7 35. Rxa7+ Kxe6 36. Rxg7 h5 37. Rg5 Rg1 38. g3 h4 39. gxh4 Rh1 40. Rxc5 Kd6 41. Rh5 Rxh2 42. a4 Kc7 43. Kb3 Kb6 44. c3 Rh1 45. Kb4 Rb1+ 46. Kc4 Ra1 47. a5+ Kc7 48. Kd4 Ra4+ 49. c4 Kd6 50. Rg5 Ra1 51. Rg6+ Kc7 52. Rg7+ Kd6 53. c5+ Ke6 54. Rg6+ Kd7 55. Ke5 Rxa5 56. Rg7+ Ke8 57. Kd6 Ra6 58. h5 Kf8 59. h6 Ra1 60. Rd7 Kg8 61. Kxc6 1-0

[Event "Hollywood Masters op"]
[Site "Los Angeles"]
[Date "2022.10.29"]
[Round "8"]
[White "Gazik, Viktor"]
[Black "Woodward, Andy"]
[Result "1-0"]
[WhiteElo "2566"]
[BlackElo "2454"]
[PlyCount "69"]
[EventDate "2022.10.26"]
[EventType "swiss"]
[EventRounds "9"]
[EventCountry "USA"]
[SourceTitle "EXT 2024"]
[Source "ChessBase"]
[SourceDate "2023.10.10"]
[SourceVersion "1"]
[SourceVersionDate "2023.10.10"]
[SourceQuality "1"]

1. e4 c5 2. Nc3 d6 3. Nf3 Nf6 4. d4 cxd4 5. Qxd4 Nc6 6. Qe3 g6 7. Bc4 Bg7 8. h3 0-0 9. 0-0 Nd7 10. Rd1 Nde5 11. Nxe5 Nxe5 12. Bb3 Nc6 13. Qg3 Be6 14. Bxe6 fxe6 15. Ne2 Qb6 16. c3 Rf7 17. Qe3 Qa6 18. Qd3 Qb6 19. Be3 Qxb2 20. Rdb1 Qa3 21. Rxb7 Qa4 22. Nd4 Ne5 23. Qb5 Qc4 24. Rxa7 Rxa7 25. Qb8+ Bf8 26. Qxa7 Qxc3 27. Rf1 Qc4 28. Rc1 Qd3 29. Nxe6 Qxe4 30. Ng5 Qf5 31. Nxf7 Qxf7 32. Rc8 Kg7 33. Qa8 Nd7 34. Rd8 Qf5 35. Qc8 1-0

[Event "Hollywood Masters op"]
[Site "Los Angeles"]
[Date "2022.10.26"]
[Round "1"]
[White "Gazik, Viktor"]
[Black "Beukes, Dante M"]
[Result "1-0"]
[WhiteElo "2566"]
[BlackElo "2299"]
[PlyCount "89"]
[EventDate "2022.10.26"]
[EventType "swiss"]
[EventRounds "9"]
[EventCountry "USA"]
[SourceTitle "EXT 2024"]
[Source "ChessBase"]
[SourceDate "2023.10.10"]
[SourceVersion "1"]
[SourceVersionDate "2023.10.10"]
[SourceQuality "1"]

1. Nf3 Nf6 2. b3 g6 3. Bb2 Bg7 4. g3 c5 5. c4 0-0 6. Bg2 Nc6 7. 0-0 d5 8. cxd5 Nxd5 9. Bxg7 Kxg7 10. d4 cxd4 11. Nxd4 Nxd4 12. Qxd4+ Nf6 13. Qe5 Qb6 14. Nc3 Bg4 15. Na4 Qa6 16. h3 Qe6 17. Qxe6 Bxe6 18. Nc5 Bd5 19. Nxb7 Rac8 20. Rfc1 Bxg2 21. Kxg2 Ne4 22. Kf3 f5 23. h4 Kf6 24. b4 h6 25. Ke3 g5 26. hxg5+ hxg5 27. a4 g4 28. b5 Nc3 29. Na5 Rfd8 30. Nc6 Nd5+ 31. Kd4 Rd7 32. Kc5 Nb6 33. a5 Nd5 34. a6 e6 35. Rc4 Nb6 36. Rd4 Rdc7 37. Rh1 Nd7+ 38. Kd6 Nf8 39. e4 Rd7+ 40. Kc5 Rcc7 41. Rxd7 Rxd7 42. b6 Rd2 43. bxa7 Nd7+ 44. Kb5 Rb2+ 45. Nb4 1-0

[Event "Texas Collegiate Super Finals"]
[Site "Richardson"]
[Date "2022.10.22"]
[Round "2"]
[White "Gazik, Viktor"]
[Black "Khanin, Semen"]
[Result "1/2-1/2"]
[WhiteElo "2566"]
[BlackElo "2558"]
[PlyCount "58"]
[EventDate "2022.10.22"]
[EventType "swiss"]
[EventRounds "4"]
[EventCountry "USA"]
[SourceTitle "EXT 2024"]
[Source "ChessBase"]
[SourceDate "2023.10.10"]
[SourceVersion "1"]
[SourceVersionDate "2023.10.10"]
[SourceQuality "1"]

1. e4 e5 2. Nf3 Nc6 3. d4 exd4 4. Nxd4 Nf6 5. Nxc6 bxc6 6. Bd3 d5 7. exd5 cxd5 8. 0-0 Be7 9. h3 0-0 10. Re1 c5 11. b3 Bb7 12. Bb2 Qc7 13. Qe2 d4 14. Nd2 Nd5 15. Qe4 g6 16. Qf3 Nc3 17. Ne4 f5 18. Qg3 Qxg3 19. Nxg3 Bf6 20. Bxc3 dxc3 21. Rad1 Rad8 22. Ne2 Be5 23. Nc1 Bd4 24. Kf1 Rfe8 25. Rxe8+ Rxe8 26. Ne2 Be5 27. Bc4+ Kf8 28. f3 Ke7 29. Rd3 Rd8 1/2-1/2

[Event "Washington op 9th"]
[Site "Rockville"]
[Date "2022.08.14"]
[Round "4"]
[White "Gazik, Viktor"]
[Black "Zhou, Jianchao"]
[Result "1/2-1/2"]
[WhiteElo "2526"]
[BlackElo "2586"]
[PlyCount "177"]
[EventDate "2022.08.13"]
[EventType "swiss"]
[EventRounds "9"]
[EventCountry "USA"]
[SourceTitle "CBM 209 Extra"]
[Source "ChessBase"]
[SourceDate "2022.09.30"]
[SourceVersion "1"]
[SourceVersionDate "2022.09.30"]
[SourceQuality "1"]

1. e4 c5 2. Nf3 d6 3. Nc3 a6 4. g3 e5 5. Bg2 Nf6 6. d3 Be7 7. 0-0 Nc6 8. h3 0-0 9. Nh4 Nd4 10. f4 exf4 11. Bxf4 Be6 12. Kh2 d5 13. e5 Ne8 14. Nf3 Nxf3+ 15. Qxf3 Nc7 16. Rad1 Rc8 17. d4 cxd4 18. Ne2 Bc5 19. g4 Ne8 20. Ng3 Qb6 21. b3 Ba3 22. Rf2 Rc3 23. Rd3 Qc7 24. Qd1 Rxd3 25. Qxd3 Qc3 26. Qd1 Bc5 27. Rd2 Qa5 28. a4 Nc7 29. Nf5 b5 30. axb5 Nxb5 31. Qf3 Qd8 32. Bf1 Re8 33. Bd3 Bf8 34. Rg2 Kh8 35. Qf2 f6 36. exf6 Qxf6 37. g5 Qf7 38. g6 Qf6 39. Rg5 Bd6 40. Nxd6 Nxd6 41. Qg3 Nf5 42. Qg4 Ne3 43. Qh4 h6 44. Rh5 Qxh4 45. Rxh4 Bf5 46. Bxf5 Nxf5 47. Rh5 Re2+ 48. Kg1 Ne7 49. Be5 Kg8 50. Bxd4 Rxc2 51. b4 Rd2 52. Be3 Rd3 53. Kf2 Nxg6 54. Ke2 Rb3 55. Rxd5 Rxb4 56. Rd6 Kh7 57. Rxa6 Rh4 58. Ra7 Rxh3 59. Bd4 Nf4+ 60. Kf2 Ne6 61. Ba1 Rh1 62. Be5 Rh5 63. Ba1 Rg5 64. Re7 Nf4 65. Kf3 Nd5 66. Rd7 Nf6 67. Ra7 Rd5 68. Kg3 Rd7 69. Ra6 Rf7 70. Bb2 Nh5+ 71. Kg4 Rf4+ 72. Kh3 g5 73. Be5 Rh4+ 74. Kg2 Nf4+ 75. Kg3 Ne2+ 76. Kf2 Nd4 77. Rd6 Nb3 78. Kf3 Nc5 79. Rd5 Ne6 80. Rd6 Nf4 81. Kg3 Nh5+ 82. Kf3 g4+ 83. Ke4 g3+ 84. Kf5 g2 85. Rg6 Ng3+ 86. Rxg3 Rh5+ 87. Ke4 Rg5 88. Rxg5 hxg5 89. Bd4 1/2-1/2

[Event "Washington op 9th"]
[Site "Rockville"]
[Date "2022.08.13"]
[Round "2"]
[White "Mulyar, Michael A"]
[Black "Gazik, Viktor"]
[Result "0-1"]
[WhiteElo "2366"]
[BlackElo "2526"]
[PlyCount "182"]
[EventDate "2022.08.13"]
[EventType "swiss"]
[EventRounds "9"]
[EventCountry "USA"]
[SourceTitle "CBM 209 Extra"]
[Source "ChessBase"]
[SourceDate "2022.09.30"]
[SourceVersion "1"]
[SourceVersionDate "2022.09.30"]
[SourceQuality "1"]

1. d4 Nf6 2. Nf3 e6 3. c4 Bb4+ 4. Bd2 c5 5. Bxb4 cxb4 6. e3 0-0 7. Bd3 a5 8. 0-0 b6 9. Re1 Bb7 10. Nbd2 d6 11. e4 Na6 12. Nf1 e5 13. Ng3 Re8 14. Qd2 g6 15. Rad1 Qe7 16. Bb1 Rac8 17. b3 Nb8 18. h3 Nfd7 19. Nh2 Nf8 20. Qe3 Nbd7 21. f4 Ne6 22. dxe5 dxe5 23. f5 Nf4 24. Ng4 Rcd8 25. Qf3 Nc5 26. Ne3 Qg5 27. Nd5 Rd6 28. Kh2 h5 29. fxg6 fxg6 30. Ne2 Nxe2 31. Rxe2 Rf8 32. Qg3 Qxg3+ 33. Kxg3 Kg7 34. Ree1 Ne6 35. Rf1 Nf4 36. Kh2 Rfd8 37. Bc2 Ne2 38. Bd3 Nc3 39. Ra1 Bxd5 40. cxd5 Rc8 41. a3 bxa3 42. Rxa3 Rf6 43. Rc1 Rc5 44. Rc2 Rf8 45. Ra1 Rfc8 46. Rf2 Rf8 47. Rc2 Rfc8 48. Rf2 Nb5 49. b4 axb4 50. Rb2 Nd4 51. Rxb4 b5 52. Ra7+ Kf6 53. Rb2 Kg5 54. Rb7 Rc1 55. d6 Rd8 56. d7 Kf4 57. Bxb5 g5 58. Ba4 g4 59. Rf2+ Ke3 60. Rf7 Ra1 61. Bb5 Rb1 62. Ba6 Ra1 63. Bc4 Rc1 64. Bf1 Rg8 65. hxg4 hxg4 66. Kg3 Kxe4 67. d8Q Rxd8 68. Kxg4 Rg8+ 69. Kh5 Rg3 70. Rbc7 Re1 71. Kh4 Ra3 72. Bc4 Nf5+ 73. Kg5 Rg3+ 74. Kf6 Rxg2 75. Ba6 Rf2 76. Bb7+ Kd3 77. Ba6+ Ke4 78. Bb7+ Kf4 79. Ke6 Kg5 80. Rc5 Nd4+ 81. Ke7 Rxf7+ 82. Kxf7 Kf4 83. Kf6 Rb1 84. Bd5 Rb6+ 85. Ke7 Rh6 86. Rc1 Nf5+ 87. Kf7 Ne3 88. Bc6 Kf5 89. Bd7+ Ke4 90. Ra1 Kf4 91. Ra4+ e4 0-1

[Event "Olympiad-44"]
[Site "Chennai"]
[Date "2022.08.09"]
[Round "11.2"]
[White "Nguyen, Thai Dai Van"]
[Black "Gazik, Viktor"]
[Result "1/2-1/2"]
[WhiteElo "2629"]
[BlackElo "2544"]
[PlyCount "60"]
[EventDate "2022.07.29"]
[EventType "team-swiss"]
[EventRounds "11"]
[EventCountry "IND"]
[SourceTitle "CBM 210"]
[Source "ChessBase"]
[SourceDate "2022.10.31"]
[SourceVersion "1"]
[SourceVersionDate "2022.10.31"]
[SourceQuality "1"]
[WhiteTeam "Czech Republic"]
[BlackTeam "Slovakia"]
[WhiteTeamCountry "CZE"]
[BlackTeamCountry "SVK"]

1. Nf3 Nf6 2. c4 b6 3. g3 Bb7 4. Bg2 c5 5. 0-0 e6 6. Nc3 Be7 7. d4 cxd4 8. Qxd4 Nc6 9. Qf4 0-0 10. Rd1 Qb8 11. Qxb8 Raxb8 12. Bf4 Rbc8 13. Ne5 d6 14. Nxc6 Bxc6 15. Bxd6 Bxd6 16. Rxd6 Bxg2 17. Kxg2 Rxc4 18. Rad1 g5 19. R1d4 Rfc8 20. e4 b5 21. Nxb5 Rc2 22. Nxa7 Ra8 23. Nc6 Rxb2 24. a4 Ng4 25. Rd2 Rxd2 26. Rxd2 Rxa4 27. h3 Nf6 28. f3 Kg7 29. Ne5 h5 30. g4 hxg4 1/2-1/2